MDQL
is popping MORE tags! Check the
thread
!
Quizzes
Events
Quiz Creation
Community
Videos
Private Events
Remove Ads
Sign In
Join for FREE
Feedback
Dark Mode
Quiz Categories
Sports
Geography
Music
Movies
Television
Just For Fun
Miscellaneous
History
Literature
Language
Science
Gaming
Entertainment
Religion
Holiday
For Kids
Quiz Lab
Recent
Popular Today
Quiz Kudos Today
Editor Picks
Curator Picks
Quizzes by...
Day
Popularity
Type
Ratings
Length
Year
Community
Subscriptions
Recent Discussions
Orange Saloon
Badges
Playlists
Quests
Create
Leaderboards
Showdown
Live 5
Trivia Bingo
Activity
Puzzle Library
Sporcle Events
Private Events
Virtual Trivia
Globe League
Become a Host
Pub Owners
SporcleCon
Opinionation
Our Games
Videos
Blog
Mobile Apps
Partnerships
Remove Ads and Go Orange
Feedback
Sports
Athletes
MLB
NBA
NHL
NFL
Soccer
Sports Teams
WWE
NCAA
Football
Premier League
Basketball
Baseball
Hockey
Golf
Tennis
Cricket
Rugby
Auto Racing
Olympics
World Cup
Sports
Athletes
MLB
NBA
NHL
NFL
Soccer
Sports Teams
WWE
NCAA
Football
Premier League
Basketball
Baseball
Hockey
Golf
Tennis
Cricket
Rugby
Auto Racing
Olympics
World Cup
Random Quiz
Search Sporcle
×
Quiz Lab
Quiz Lab
Sports
WWE
Select answers by clicking on text or image buttons
Select answers by clicking on text or image buttons
Clickable
Best Score? Go Orange.
WWE Intercontinental Champions (Clickable Quiz) Stats
Can you pick the WWE Intercontinental Champions (Clickable Quiz)?
By
spark3
6m
72 Questions
2,092 Plays
2,092 Plays
2,092 Plays
Comments
Comments
Give Quiz Kudos
Give Quiz Kudos
-
- Ratings
hide this ad
Random Order
Randomize order of answers
Randomize order of answers
Replay
Link that replays current quiz
Next Quiz
Link to next quiz in quiz playlist
You Got
0%
They Got
Avg Score
68%
Avg Friend Score
Upgrade to see
Score Distribution
Jump to the score distribution portion of the page
Score
0/72
Timer
06:00
0
Plays Today
% Correct
Chris Jericho
78.9%
Edge
76.9%
Bret Hart
76.6%
Triple H
76.3%
Jeff Hardy
76.2%
The Rock
76%
Randy Orton
76%
Shawn Michaels
75.9%
Rob Van Dam
75.5%
Steve Austin
75.2%
Kofi Kingston
75.1%
Dolph Ziggler
74.9%
Christian
74.2%
Randy Savage
74.1%
Kurt Angle
74.1%
Chris Benoit
73.9%
Cody Rhodes
73.9%
Rey Mysterio
73.6%
Mr Perfect
73.6%
Razor Ramon
73.4%
Goldust
73.1%
Eddie Guerrero
73.1%
Ultimate Warrior
73%
The Miz
72.8%
Shelton Benjamin
72.3%
Owen Hart
72.2%
Chyna
72.1%
Kane
71.9%
Jeff Jarrett
71.9%
John Morrison
71.4%
The Honky Tonk Man
71.2%
CM Punk
71.2%
Wade Barrett
71.1%
Ric Flair
70.8%
Ricky 'The Dragon' Steamboat
70.5%
Santino Marella
70.4%
% Correct
British Bulldog
69.5%
Ken Shamrock
69.5%
William Regal
69.5%
Drew McIntyre
68.5%
JBL
68.5%
Billy Gunn
68.4%
Carlito
68.1%
Roddy Piper
67.5%
Big Show
67.3%
Booker T
67.3%
Val Venis
67%
Pat Patterson
67%
Rick Rude
66.8%
Umaga
66.3%
Diesel
65.1%
Big E
64.8%
Road Dogg
64.7%
Big E
64.5%
D'lo Brown
64.2%
Test
64%
Marty Jannetty
63.8%
Rikishi
63.3%
The Godfather
63.2%
Tito Santana
62.5%
Pedro Morales
61.4%
Ahmed Johnson
60.5%
Marc Mero
60%
Lance Storm
59.7%
The Mountie
59.6%
Ezekiel Jackson
59%
The Texas Tornado
58.9%
Greg Valentine
58.7%
Dean Douglas
57%
Don Muraco
56.9%
Albert
55.7%
Ken Patera
51.9%
Quiz Playlist
Details
Report
Send in Message
Add To Playlist
Clickable:
Select answers by clicking on text or image buttons
Random Order:
Randomize order of answers
Last Updated: Feb 16, 2017
Quiz Scoreboard
CHALLENGE
Sign Up to Join the Scoreboard
Show All
Scores
Hide
Comments
May contain spoilers
Recently Published
Two Season TV Shows II
by 123Four
Television
10m
Image Sorting: Flags VI
by Barbecue
Geography
2m
Find the 'City' Movie
by crazypaving
Movies
60s
More to Explore
Quiz From the Vault
Featured Blog Post
14 Easter Pick-up Lines to Find Eggs With
hide this ad
You Might Also Like...
Tags
WWE Quiz
champion
Intercontinental
Intercontinental Championships
Pro Wrestling
Wrestling
Wrestling Champions
WWF
WWF Champions
Today's Top Quizzes in Sports
Browse Sports
hide this ad
Today's Top Quizzes in WWE
Browse WWE
Top Contributed Quizzes in Sports
1
Les meilleurs buteurs des matchs entre le PSG et l’OM
2
Les entraîneurs de l'OM et du PSG au 21e siècle
3
2022 World Cup Stars
4
Les joueurs passés par le PSG et l'OM
5
Players with Multiple 50 Home Run Seasons
6
FIFA Club World Cup Champions
7
Criteria MLB: Left Handed Sluggers
8
Les joueurs passés par le LOSC et le RC Lens
9
Top 10 NHL Goal Scorers of All Time
10
NBA Logic Puzzle 2.0
Explore More
Trending Topics
Anime
Kpop
Harry Potter
NBA
Crossword
Marvel
Disney
Pokémon
Song
NFL
Puzzle
WWE
The Office
Country
Soccer
hide this ad
More By:
spark3
Quiz
Plays
Rating
Category
Featured
Created
WWE Greatest Matches (Wrestling Observer)
18,169
4.18
Sports
Feb 18, 2012
Appearances on both WWE Raw and WCW Nitro
12,631
3.98
Sports
Jan 18, 2012
Pro Wrestling World Champions - (Clickable Game)
6,267
3.43
Sports
Apr 1, 2012
Wrestled on both a WWE and WCW PPV
5,512
3.81
Sports
Jan 20, 2012
WWE 2000s Roster Scramble
5,299
4.05
Sports
Mar 19, 2012
Go to Creator's Profile
Score Distribution
Quiz Creator Spotlight
spark3
Follow
Send a Message
Quizzes Created
-
Created Quiz Play Count
-
More By This Creator
Popular Quizzes Today
1
Find the US States - No Outlines Minefield
2
Colored Red Africa Blitz
3
Find the 'City' Movie
4
5x2 Blitz: Bands
5
The Countries of the World
6
Find the Countries of Europe - No Outlines Minefield
7
Find the US States
8
US States
More Sports Quizzes
MLB Unanimous Rookie of the Year Winners
Quiz Lab
Trending Quizzes
Colored Red Europe Blitz I
Colored Red Africa Blitz II
Colored Red Europe Blitz II
Even More Two Season TV Shows
Colored Red Africa Blitz III
Recently Updated
March Madness Men's Triple Doubles
pecheneg
How Do You Spell That?
pecheneg
Godzilla Movies
pecheneg
Grab Bag: 4-10 Letters
pecheneg
2024 March Madness Bracket
pecheneg
Famous TV Couples
Peacemaker
Champions League XIs: Real Madrid
pecheneg
Largest US Cities 1790-2010
pecheneg
Rides in Walt Disney World
pecheneg
Most Oscar Losses (Acting)
pecheneg
Trending Topics
Kpop
Marvel
Harry Potter
Disney
NBA
Anime
Crossword
Country
Puzzle
Soccer
WWE
Pokémon
NFL
The Office
Song
Your Account Isn't Verified!
In order to create a playlist on Sporcle, you need to verify the email address you used during registration. Go to your
Sporcle Settings
to finish the process.
Report this User
Report this user for behavior that violates our
Community Guidelines
.
Details:
Send Report
Go to the Sporcle.com Mobile Site →
Comments